000 00876nam a2200277 i 4500
003 EG-GICUC
005 20260228090431.0
008 260228s1966 sz ||||fr|||| 00| 0 eng d
040 _aEG-GiCUC
_beng
_cEG-GiCUC
_dEG-GiCUC
_eRda
082 0 4 _221
_a341.48
_bRU
092 0 4 _221
099 _aLaw1 11 341.48 RU 1966
245 0 4 _aThe Rule of Law and Human Rights Principles and Definitions /
_b
_n
_c
264 1 _aGeneva :
_bInternational Commission of Jurists,
_c1966.
300 _a83page :
_billustration ;
_c 24 cm.
336 _2rda contenu
_a texte
337 _2rda medias
_aOrdinateur
338 _2 transporteur rda
_a Ressource en ligne
504 _a
546 _aText in English
650 1 4 _aPublic international law
_2
651 1 _2
856 4 0 _uhttps://fll.law.cu.edu.eg/fulltext/bks/B11-09182.pdf
905 _a50
942 _2ddc
_cBK
_e21
_n0
999 _c64337
_d64337